00752nam a2200241Ia 4500003000400000005001700004008004100021020002200062040000700084041000800091082001400099100002700113245002400140260004900164300001700213365001300230650003300243650003300276906002400309942001200333999001900345952014600364OSt20230511135817.0210423s2009 xx 000 0 und d a978-81-907770-9-4 cAL aeng a660 BALA aBALSARAF (V M)9103012 aApplied chemistry 2 aNew DelhibPacific Books Internationalc2009 axiv,181pbHB b145cINR aChemical Engineering9103013 aChemical Engineering9103013 aApplied ; chemistry 2ddccBK c165984d165984 001040708ACaSACPGbSACPGd2014-11-03esuper book services, Bangaloreg145.00l0o660 BALApPG012483r2022-08-24 00:00:00w2021-04-26yBK